000 00508nam a2200217Ia 4500
003 OSt
005 20221005123039.0
006 a|||||r|||| 00| 0
007 ta
008 221004b |||||||| |||| 00| 0 snd d
024 _a7046
037 _cTextual
040 _aCRL
_cCRL
_bsnd
041 _2snd
_asnd
082 _aR4, 1593G1
100 _aKalachand
_9207341
245 0 _aKhimiya saar
260 _c1931
942 _hR4, 1593G1
_cTEXL
_2cc
999 _c1046216
_d1046216